Metodológia analýzy logistických informačných tokov

Príspevok je súčasťou publikácie "Logistické informačné systémy". Klasifikácia informačných tokov v logistických systémoch. Logistický informačný tok a jeho prvky. Metódy analýza a projektovania informačných tokov - grafická metóda, metódy teórie grafov, metóda operačnej analýzy, modulovaná metóda,...

Full description

Saved in:
Bibliographic Details
Main Author: Balog, Michal
Other Authors: Straka, Martin
Format: Book Chapter
Language:Slovak
Subjects:
Tags: Add Tag
No Tags, Be the first to tag this record!

MARC

LEADER 00000naa$a2200000$$$4500
001 0042981
005 20231106072006.0
041 0 |a slo 
044 |a SK 
245 1 0 |a Metodológia analýzy logistických informačných tokov  |c Michal Balog, Martin Straka 
520 |a Príspevok je súčasťou publikácie "Logistické informačné systémy". Klasifikácia informačných tokov v logistických systémoch. Logistický informačný tok a jeho prvky. Metódy analýza a projektovania informačných tokov - grafická metóda, metódy teórie grafov, metóda operačnej analýzy, modulovaná metóda, metóda maticového modelovania, metóda dopravného modelu. 
610 2 0 |a systémy informačné logistické 
610 2 0 |a systémy informačné podnikové 
610 2 0 |a logistika 
610 2 0 |a informácie 
610 2 0 |a tok informácií 
610 2 0 |a analýzy 
610 2 0 |a metodológia 
610 2 0 |a projektovanie 
610 2 0 |a metódy 
100 1 |a Balog, Michal 
700 1 |a Straka, Martin